000 01156cam a22003377a 4500
003 CHAP
005 20220329140451.0
008 971013s1987 r 00010 d
010 _a52384
011 _a53356
035 _a57506
040 _cCHAP
090 _aTesis
100 0 0 _aRomo Pedraza, Abel.
_999722
245 0 _aCostos de producción del melón Cantaloupe (Cucumis melo) en el valle de Apatzingán, Mich.
260 _aChapingo, Méx. :
_bEl autor,
_c1987
300 _a145 h.
_b: ilus.
502 _aTesis (Ing. Agr. Esp. en Economía Agrícola) -- UACH. Departamento de Economía Agrícola
590 _aALEPH
_b10
_c20130110
_lUCH01
_h1329
590 _aBATCH-UPD
_b10
_c20130110
_lUCH01
_h0400
590 _aBATCH-UPD
_b10
_c20130410
_lUCH01
_h0033
590 _aBATCH-UPD
_b10
_c20130410
_lUCH01
_h1611
590 _aBATCH-UPD
_b10
_c20130914
_lUCH01
_h1810
590 _aCONVERSION
_b10
_c20130109
_lUCH01
_h1328
650 1 4 _aMelón
_xCostos de producción.
_974444
650 1 4 _aMelón
_xMichoacán.
_974469
650 1 4 _aMelón
_xVariedades.
_974482
901 _aBK
942 _cTESIS
949 _bBC
_cTES
_d-125055
_eTS1
_h19390
_i57506
_si
999 _c52384
_d52384